Vista normal Vista MARC

Entrada Topical Term

Número de registros utilizados en: 1

001 - CONTROL NUMBER

  • control field: 9231

003 - CONTROL NUMBER IDENTIFIER

  • control field: OSt

005 - DATE AND TIME OF LATEST TRANSACTION

  • control field: 20200825151809.0

008 - FIXED-LENGTH DATA ELEMENTS

  • fixed length control field: 200825|| aca||aabn | a|a d

040 ## - CATALOGING SOURCE

  • Original cataloging agency: OSt
  • Transcribing agency: OSt

150 ## - HEADING--TOPICAL TERM

  • Topical term or geographic name entry element: Persona jurídica pública

670 ## - SOURCE DATA FOUND

  • Source citation: Work cat.: (OSt)5937: Tafur Galvis, Álvaro, autor 2051, Las entidades descentralizadas / , 1977